00301nam a2200121Ia 4500003000400000005001700004008004100021020001900062040001700081100002500098245003400123260002200157OSt20240329111126.0170524s9999 xx 000 0 und d a978-0873937511 ciimtu meerut aANDERSON- HAIR- BUSH 0aPROFESSIONAL SALES MANAGEMENT aTATA MC GRAW HILL